| Tag |
First Indicator |
Second Indicator |
Subfields |
| LEADER |
00000cam a2200000 a 4500 |
| 001 |
in00003422621 |
| 005 |
20190407113039.0 |
| 006 |
m o d |
| 007 |
cr bn ---uuuuu |
| 008 |
130209q19061909enk o 000 0 eng d |
| 035 |
|
|
|a AC009212
|
| 040 |
|
|
|a UkMbAM-D
|c UkMbAM-D
|d UtOrBLW
|
| 100 |
1 |
|
|a Jones, Keith F
|q (Keith Franklin)
|
| 245 |
1 |
0 |
|a Lantern services on the scene, the source, the story, and the coming Christ /
|c by Keith F. Jones.
|
| 264 |
|
1 |
|a London :
|b Newton & Co.,
|c [between 1900 and 1909?]
|
| 300 |
|
|
|a 1 online resource.
|
| 336 |
|
|
|a text
|b txt
|2 rdacontent
|
| 337 |
|
|
|a computer
|b c
|2 rdamedia
|
| 338 |
|
|
|a online resource
|b cr
|2 rdacarrier
|
| 490 |
0 |
|
|a Lantern services ;
|v v. 11
|
| 500 |
|
|
|a 11 services designed to be delivered with accompanying sets of lantern slides.
|
| 535 |
1 |
|
|a Bill Douglas Centre, University of Exeter
|
| 500 |
|
|
|a Electronic resource.
|
| 610 |
2 |
0 |
|a Church of England
|v Sermons.
|
| 650 |
|
0 |
|a Lantern projection.
|
| 856 |
4 |
0 |
|u http://proxy.library.tamu.edu/login?url=http://www.victorianpopularculture.amdigital.co.uk/Contents/document-details.aspx?documentid=697829
|z Connect to the full text of this electronic resource
|t 0
|
| 999 |
|
|
|a MARS
|
| 999 |
f |
f |
|s b4191dd4-0d78-3075-aecc-e28819cf1afa
|i b153b67d-83b8-32a3-8827-34162e9c9262
|t 0
|
| 952 |
f |
f |
|a Texas A&M University
|b College Station
|c Electronic Resources
|d Available Online
|t 0
|h No information provided
|
| 998 |
f |
f |
|t 0
|l Available Online
|